[Event "Basque-ch 2019"]
[Site "Getxo"]
[Date "2019.04.28"]
[Round "7.2"]
[White "Del Rio De Angelis, Salvador G."]
[Black "Argandona Riveiro, Inigo"]
[Result "1/2-1/2"]
[WhiteElo "2457"]
[BlackElo "2411"]
[Annotator "TA"]
[PlyCount "77"]
[EventDate "2019.04.22"]
[EventType "swiss"]
[EventCountry "ESP"]
[SourceTitle "playchess.com"]
[Source "ChessBase"]
[SourceQuality "1"]

{[%evp 9,77,23,14,18,25,2,12,0,6,6,6,6,4,0,0,4,7,0,20,14,13,8,12,-9,5,-17,0,-6,9,10,14,0,5,0,20,20,24,0,0,0,9,20,30,21,33,9,9,9,10,31,14,8,18,25,21,17,14,18,21,10,8,22,19,15,11,-10,0,0,0,17]} 1. d4 c5 2. e3 Nf6 3. Nf3 g6 4. dxc5 Qa5+ 5. Bd2 (5. Nbd2 Qxc5 6. a3 Bg7 7. b4 Qc7 8. Bb2 O-O 9. Be2 b6 10. c4 Bb7 11. O-O d6 12. Qb3 Nbd7 13. Rac1 Rac8 14. Rfd1 Qb8 15. Nb1 Ne4 16. Bxg7 Kxg7 17. Nfd2 Ndf6 18. Nxe4 Bxe4 19. Nc3 Bc6 20. Bf1 Rc7 21. f3 Qc8 22. e4 {0-1 (65) Aleksandrov,A (2589)-McShane,L (2640) Katowice 2017}) 5... Qxc5 6. c4 {A48: 1 d4 Nf6 2 Nf3 g6: Torre, London and Colle Systems} Bg7 7. Bc3 O-O 8. Nbd2 b6 9. Be2 Bb7 10. O-O d6 11. b4 $146 ({Predecessor:} 11. Rc1 Nbd7 12. b4 Qc7 {0-1 (71) Jodorcovsky Werjivker,P (2202)-Pichot,A (2482) Asuncion 2015}) 11... Qc7 12. Qb3 Nbd7 13. Rac1 Rac8 14. Bb2 Qb8 15. Rfd1 Qa8 16. Ne1 Rfd8 17. Ndf3 Bh6 18. a3 Ne4 19. Nd2 Nef6 20. Ndf3 Ne4 21. Nd2 Ndf6 22. Nxe4 Nxe4 23. Nf3 e5 24. Bf1 Bf8 25. Nd2 Ng5 {[%cal Be4g5,Bg5f3,Bf3d2][%mdl 32]} 26. Nb1 Bf3 27. gxf3 Nxf3+ 28. Kh1 {Hoping for Bg2.} Nd2+ 29. Bg2 Nxb3 30. Bxa8 {Black must now prevent Rc3.} Nxc1 ({Don't go for} 30... Rxa8 $2 31. Rc3 $18) 31. Bd5 Na2 $1 32. Nd2 {[#]The position is equal.} b5 $1 33. Ra1 (33. cxb5 Nc3) 33... bxc4 34. Nxc4 {[#]} Nc3 $1 {[%mdl 512]} 35. Bxc3 {Black should prevent Bd2.} Rxc4 $1 36. Bxc4 {Strongly threatening Bb2.} Rc8 37. Bxe5 Rxc4 38. Bf6 Bg7 39. Bxg7 {Accuracy: White = 51%, Black = 63%.} 1/2-1/2

[Event "Basque-ch 2019"]
[Site "Getxo"]
[Date "2019.04.28"]
[Round "7.3"]
[White "Huerga Leache, Mikel"]
[Black "Barbazan Bilbao, Xabier"]
[Result "1-0"]
[WhiteElo "2448"]
[BlackElo "2094"]
[Annotator "TA"]
[PlyCount "68"]
[EventDate "2019.04.22"]
[EventType "swiss"]
[EventCountry "ESP"]
[SourceTitle "playchess.com"]
[Source "ChessBase"]
[SourceQuality "1"]

{[%evp 19,68,-10,0,0,0,-15,-16,-18,0,0,15,0,11,23,67,-78,0,0,0,-69,12,7,2,0,2,0,55,58,268,268,261,268,266,248,823,822,768,788,695,681,1059,1097,1076,983,1215,1130,1877,1742,1563,1545,1087]} 1. Nf3 c5 2. b3 b6 3. Bb2 Bb7 4. e3 Nf6 5. d4 e6 6. Bd3 Be7 7. O-O O-O 8. Nbd2 Nc6 9. a3 d5 10. Ne5 Nxe5 11. dxe5 {D05: Colle System with ...e6} Ne4 12. f4 (12. Nxe4 dxe4 13. Bc4 Qc8 14. Qe2 a6 15. a4 Bc6 16. Rfd1 Qb7 17. Qf1 h6 18. h3 Rfd8 {½-½ (76) Saptarshi,R (2389)-Quesada Perez,Y (2626) Barcelona 2012}) 12... Nxd2 13. Qxd2 {The position is equal.} f6 $146 (13... c4 $5 14. Be2 $8 Qc7 $11) ({Predecessor:} 13... c4 14. Be2 Qc7 15. Bd4 cxb3 16. cxb3 Rfc8 17. Bd3 Bc5 18. Rac1 Qe7 {½-½ (26) Yunusov,M (1792)-Sun,C (2046) Xingtai 2018}) 14. Qe2 Qe8 15. h3 fxe5 16. Qg4 Qd7 17. Rf3 (17. Rad1 $14 {keeps the upper hand.}) 17... Bd6 ({Black should try} 17... d4 $1 $17 18. Rff1 (18. Rg3 Bf6 $17) 18... e4) 18. fxe5 $40 {[%mdl 128] Black needs to defend precisely.} Rxf3 19. exd6 (19. Qxf3 $11 Be7 20. Qh5) 19... Rf5 (19... Rxe3 $15 20. Bb5 Qf7) 20. Bxf5 exf5 21. Qg3 Re8 22. Rf1 Re6 (22... g6 $11) 23. Rxf5 $14 Rxd6 $2 {[#]} (23... d4 $14) 24. Bxg7 $1 $18 {[%csl Gg7][%cal Rf5f8][%mdl 512]} Qxf5 (24... Qxg7 25. Qxd6) 25. Bf6+ $1 Qg6 26. Qxd6 d4 $2 (26... Ba8 27. Qd8+ Kf7 28. Qe7+ (28. Qxa8 Kxf6 29. Qxa7 Qxc2 $16) 28... Kg8 29. Qd8+ Kf7 30. Qe7+ (30. Qxa8 Kxf6 31. Qxa7 Qxc2 $16) 30... Kg8 31. Qxa7 Qxf6) 27. Qb8+ {White is clearly winning.} Kf7 28. Qxb7+ Kxf6 {[%mdl 4096] Endgame [#] KQ-KQ} 29. Qc6+ $1 Ke5 30. Qxg6 hxg6 31. Kf2 Ke4 32. exd4 Kxd4 33. h4 Ke4 34. g3 Kd5 {Accuracy: White = 55%, Black = 18%.} 1-0

[Event "Basque-ch 2019"]
[Site "Getxo"]
[Date "2019.04.28"]
[Round "7.4"]
[White "Lakuntza Plazaola, Asier"]
[Black "Sadusea, Johnny Fernando"]
[Result "1-0"]
[WhiteElo "2153"]
[BlackElo "2150"]
[Annotator "NA"]
[PlyCount "109"]
[EventDate "2019.04.22"]
[EventType "swiss"]
[EventCountry "ESP"]
[SourceTitle "playchess.com"]
[Source "ChessBase"]
[SourceQuality "1"]
[TimeControl "5400+30"]

1. d4 {[%emt 1:30:30]} Nf6 {[%emt 1:30:30]} 2. c4 {[%emt 0:00:30]} e6 {[%emt 0:00:30]} 3. Nc3 {[%emt 0:00:30]} d5 {[%emt 0:00:30]} 4. cxd5 {[%emt 0:00:30]} exd5 {[%emt 0:00:30]} 5. Bg5 {[%emt 0:00:30]} Be7 {[%emt 0:00:30]} 6. e3 {[%emt 0:00:30]} O-O {[%emt 0:00:30]} 7. Bd3 {[%emt 0:00:30]} Nbd7 {[%emt 0:00:30]} 8. Nf3 {[%emt 0:00:30]} Re8 {[%emt 0:00:30]} 9. O-O {[%emt 0:00:30]} Nf8 {[%emt 0:00:30]} 10. h3 {[%emt 0:00:30]} c6 {[%emt 0:00:30]} 11. Qc2 $14 {[%emt 0:00:30]} Ng6 {[%emt 0:00:30]} 12. Bxf6 {[%emt 0:00:30]} Bxf6 {[%emt 0:00:30]} 13. b4 {[%emt 0:00:30]} Qd6 {[%emt 0:00:30]} 14. Rab1 {[%emt 0:00:30]} Bd8 {[%emt 0:00:30]} 15. Rfc1 {[%emt 0:00:30]} Qf6 {[%emt 0:00:30]} 16. Qd1 {[%emt 0:00:30]} Nh4 {[%emt 0:00:30]} 17. Nxh4 {[%emt 0:00:30]} Qxh4 {[%emt 0:00:30]} 18. b5 {[%emt 0:00:30]} Re6 {[%emt 0:00:30]} 19. Bf5 {[%emt 0:00:30]} Rf6 {[%emt 0:00:30]} 20. g3 {[%emt 0:00:30]} Qg5 {[%emt 0:00:30]} 21. Bxc8 {[%emt 0:00:30]} Rxc8 {[%emt 0:00:30]} 22. Qg4 {[%emt 0:00:30]} Qxg4 {[%emt 0:00:30]} 23. hxg4 {[%emt 0:00:30]} Rd6 {[%emt 0:00:30]} 24. Na4 {[%emt 0:00:30]} Kf8 {[%emt 0:00:30]} 25. bxc6 {[%emt 0:00:30]} bxc6 {[%emt 0:00:30]} 26. Rb7 {[%emt 0:00:30]} Ra8 {[%emt 0:00:30]} 27. Nc5 {[%emt 0:00:30]} Ke8 {[%emt 0:00:30]} 28. Na6 {[%emt 0:00:30]} Rc8 {[%emt 0:00:30]} 29. Rxa7 {[%emt 0:00:30]} Rd7 {[%emt 0:00:30]} 30. Rxd7 {[%emt 0:00:30]} Kxd7 {[%emt 0:00:30]} 31. Rb1 {[%emt 0:00:30]} Be7 {[%emt 0:00:30]} 32. Rb7+ {[%emt 0:00:30]} Kd8 {[%emt 0:00:30]} 33. Ra7 {[%emt 0:00:30]} Ke8 {[%emt 0:00:30]} 34. a4 {[%emt 0:00:30]} Bd6 {[%emt 0:00:30]} 35. Kf1 {[%emt 0:00:30]} Rd8 {[%emt 0:00:30]} 36. Nc5 {[%emt 0:00:30]} Rb8 {[%emt 0:00:30]} 37. a5 {[%emt 0:00:30]} Rb5 {[%emt 0:00:30]} 38. a6 {[%emt 0:00:30]} Bxc5 {[%emt 0:00:30]} 39. dxc5 {[%emt 0:00:30]} Ra5 {[%emt 0:00:30]} 40. g5 {[%emt 0:00:30]} g6 {[%emt 0:00:30]} 41. Ke2 {[%emt 0:00:30]} Kf8 {[%emt 0:00:30]} 42. Kd3 {[%emt 0:00:30]} Rxc5 {[%emt 0:00:30]} 43. Rc7 {[%emt 0:00:30]} Kg7 {[%emt 0:00:30]} 44. Kd4 {[%emt 0:00:30]} Ra5 {[%emt 0:00:30]} 45. Rxc6 {[%emt 0:00:30]} h6 {[%emt 0:00:30]} 46. gxh6+ {[%emt 0:00:30]} Kxh6 {[%emt 0:00:30]} 47. Ke5 {[%emt 0:00:30]} Ra2 {[%emt 0:00:30]} 48. f3 {[%emt 0:00:30]} Ra3 {[%emt 0:00:30]} 49. Kxd5 {[%emt 0:00:30]} Rxe3 {[%emt 0:00:30]} 50. a7 {[%emt 0:00:30]} Ra3 {[%emt 0:00:30]} 51. Rc7 {[%emt 0:00:30]} Kg7 {[%emt 0:00:30]} 52. Kc6 {[%emt 0:00:30]} Ra2 {[%emt 0:00:30]} 53. Kb7 {[%emt 0:00:30]} Rb2+ {[%emt 0:00:30]} 54. Kc8 {[%emt 0:00:30]} Ra2 {[%emt 0:00:30]} 55. Kb8 {[%emt 0:00:30]} 1-0

[Event "Basque-ch 2019"]
[Site "Getxo"]
[Date "2019.04.28"]
[Round "7.5"]
[White "Trigo Urquijo, Sergio"]
[Black "Segura Del Frago, Imanol"]
[Result "1-0"]
[WhiteElo "2383"]
[BlackElo "2028"]
[Annotator "TA"]
[PlyCount "125"]
[EventDate "2019.04.22"]
[EventType "swiss"]
[EventCountry "ESP"]
[SourceTitle "playchess.com"]
[Source "ChessBase"]
[SourceQuality "1"]

{[%evp 9,133,22,28,10,7,6,8,0,10,0,0,-16,-6,-9,0,-14,-8,-27,-27,-25,-31,-32,0,0,0,0,0,0,0,-45,0,-13,-12,-18,26,23,95,83,136,104,160,174,245,231,264,248,259,262,256,259,265,256,258,262,264,250,247,263,311,310,301,255,296,296,293,286,286,288,307,265,377,379,448,448,414,413,493,476,490,487,516,443,682,679,668,656,599,568,1346,1427,1268,1375,1267,1183,2274,1537,5687,5600,29978,29979,29983,29984,29984,29984,29984,29985,29985,29986,29986,29987,29987,29988,29989,29990,29990,29991,29991,29988,29988,29989,29989,29990,29990,29989,29989,29990]} 1. e4 e5 2. Nf3 Nc6 3. Bb5 Nf6 4. d3 Bc5 5. Bxc6 dxc6 6. Be3 {C65: Ruy Lopez: Berlin Defence (3...Nf6), unusual lines and 4 0-0 Bc5} (6. O-O {feels hotter.} Nd7 7. Nbd2 O-O 8. Nc4 f6 9. a4) 6... Bxe3 7. fxe3 Qe7 8. O-O {The position is equal.} O-O 9. Nbd2 $146 ({Predecessor:} 9. Qe1 Ne8 10. Qc3 f6 11. b4 Nd6 12. a4 Bd7 13. Nbd2 b6 {½-½ (42) Andreikin,D (2709)-Anand,V (2770) Khanty-Mansiysk 2014}) 9... c5 10. Qe1 Ne8 11. Qg3 f6 12. Nh4 Nd6 13. Rf3 Be6 14. Nf5 Bxf5 15. exf5 e4 16. Nxe4 $1 Nxe4 17. dxe4 Qxe4 18. Qxc7 Rac8 19. Qd7 {aiming for Rg3!} Rcd8 {[%mdl 1024] Black has compensation.} (19... Rfd8 $5 {[%cal Rd8d7]} 20. Qe6+ Qxe6 21. fxe6 Rc6 $15) 20. Qb5 c4 21. Qb4 Rf7 22. Qc3 Rfd7 (22... b5 $11) 23. Rf4 $16 Qe7 (23... Rd1+ $142 24. Rxd1 Rxd1+ 25. Kf2 Qd5) 24. Qxc4+ Kh8 (24... Kf8 $142) 25. Re4 Qd6 {[#]} (25... b5 $142 26. Rxe7 bxc4) 26. Rd4 $1 $18 Qe7 27. Qe6 Qxe6 28. fxe6 Rxd4 29. exd4 Rxd4 {[%mdl 4096] Endgame KR-KR} 30. Re1 {And now e7 would win.} Rd8 31. e7 {[%cal Re7d8]} Re8 {[#]} 32. Rd1 $1 {[%cal Rd1d8] Threatens to win with Rd8!} Kg8 33. Rd7 Kf7 34. Rxb7 a5 35. Ra7 Rc8 36. c3 (36. Rxa5 Rxc2 37. Rb5 Kxe7 $16) 36... Rc5 {[#]} 37. e8=Q+ $1 Kxe8 38. Rxg7 Rd5 39. Rb7 ({Don't play} 39. Rxh7 Rd1+ 40. Kf2 Rd2+ 41. Kf3 Rxb2 $18) 39... Rd2 (39... a4 $142 40. a3 (40. Rxh7 Rd1+ 41. Kf2 Rd2+ 42. Kf3 Rxb2 $16) 40... Rd2) 40. a4 Rc2 41. h4 h6 42. Kh2 f5 43. Kg3 Rd2 44. Kf3 f4 45. c4 Kd8 (45... Rd3+ $142 46. Ke4 Rg3 47. Kxf4 Rxg2) 46. b3 Kc8 47. Rb5 Kc7 48. Kxf4 Rxg2 49. Rxa5 Kc6 50. Rb5 Rc2 51. a5 Ra2 52. b4 Rc2 53. Rc5+ Kd6 54. a6 {White mates.} Rb2 55. a7 Rf2+ 56. Ke4 Rf8 57. Ra5 Ra8 58. Ra6+ Kc7 59. b5 Kb7 60. c5 Re8+ 61. Kd5 Ka8 62. b6 h5 63. Kc6 {Played: b6-b7} 1-0

[Event "Basque-ch 2019"]
[Site "Getxo"]
[Date "2019.04.28"]
[Round "7.6"]
[White "Basto Auzmendi, Mario"]
[Black "Martinez Fernandez, Adrian"]
[Result "0-1"]
[WhiteElo "1981"]
[BlackElo "2318"]
[Annotator "NA"]
[PlyCount "57"]
[EventDate "2019.04.22"]
[EventType "swiss"]
[EventCountry "ESP"]
[SourceTitle "playchess.com"]
[Source "ChessBase"]
[SourceQuality "1"]
[TimeControl "5400+30"]

1. e4 {[%emt 1:30:30]} c5 {[%emt 1:30:30]} 2. Nf3 {[%emt 0:00:30]} d6 {[%emt 0:00:30]} 3. c3 {[%emt 0:00:30]} Nf6 {[%emt 0:00:30]} 4. Be2 {[%emt 0:00:30]} g6 {[%emt 0:00:30]} 5. O-O {[%emt 0:00:30]} Bg7 {[%emt 0:00:30]} 6. e5 {[%emt 0:00:30]} dxe5 {[%emt 0:00:30]} 7. Nxe5 {[%emt 0:00:30]} O-O {[%emt 0:00:30]} 8. d4 {[%emt 0:00:30]} cxd4 {[%emt 0:00:30]} 9. cxd4 $11 {[%emt 0:00:30]} Nbd7 {[%emt 0:00:30]} 10. Nc3 {[%emt 0:00:30]} Nb6 {[%emt 0:00:30]} 11. Bf3 {[%emt 0:00:30]} Nfd5 {[%emt 0:00:30]} 12. Nxd5 {[%emt 0:00:30]} Nxd5 {[%emt 0:00:30]} 13. Qb3 {[%emt 0:00:30]} Nb6 {[%emt 0:00:30]} 14. Rd1 {[%emt 0:00:30]} Be6 {[%emt 0:00:30]} 15. d5 {[%emt 0:00:30]} Bf5 {[%emt 0:00:30]} 16. Bf4 {[%emt 0:00:30]} Rc8 {[%emt 0:00:30]} 17. Rac1 {[%emt 0:00:30]} Rxc1 {[%emt 0:00:30]} 18. Rxc1 {[%emt 0:00:30]} Qd6 {[%emt 0:00:30]} 19. Nd3 {[%emt 0:00:30]} e5 {[%emt 0:00:30]} 20. Be3 {[%emt 0:00:30]} e4 {[%emt 0:00:30]} 21. Bc5 {[%emt 0:00:30]} Qd8 {[%emt 0:00:30]} 22. g4 {[%emt 0:00:30]} exf3 {[%emt 0:00:30]} 23. gxf5 {[%emt 0:00:30]} Re8 {[%emt 0:00:30]} 24. Kh1 {[%emt 0:00:30]} Nxd5 {[%emt 0:00:30]} 25. fxg6 {[%emt 0:00:30]} hxg6 {[%emt 0:00:30]} 26. Qxb7 {[%emt 0:00:30]} Qg5 {[%emt 0:00:30]} 27. Rg1 {[%emt 0:00:30]} Qf5 {[%emt 0:00:30]} 28. Qb3 {[%emt 0:00:30]} a6 {[%emt 0:00:30]} 29. Ne1 {[%emt 0:00:30]} 0-1